000 00319nam a2200145Ia 4500
100 _aSchulman A & others
942 _cBK
654 _aComputer
245 _aUndocumented Windows
260 _bAddison Wesley Pub
_aMassachusetts
_c1992
082 _a005.13 'W'
300 _a715
546 _aENGLISH
999 _c22477
_d22477